LEADER 01218nam0 2200301 450 001 000031868 005 20180724143451.0 010 $a978-88-89590-18-8 100 $a20180509d2016----km-y0itay50------ba 101 0 $aita 102 $aIT 105 $aa-------001yy 200 1 $aManuale di medicina dello sport$econ elementi di traumatologia e pronto soccorso per gli studenti di scienze motorie$fPaolo Zeppilli, Massimiliano Bianco... [et al.] 205 $a3. ed. 210 $aRoma$cCesi$dc2016 215 $aXI, 271 p.$cill.$d24 cm 500 10$aManuale di medicina dello sport: con elementi di traumatologia e pronto soccorso per gli studenti di scienze motorie$91511271 610 1 $aMedicina sprotiva$aManuale 610 1 $aPronto soccorso 610 1 $aTraumatologia sportiva 676 $a617.1027$v22$9Lesioni da sport e medicina dello sport 700 1$aZeppilli,$bPaolo$0308875 702 1$aBianco,$bMassimiliano 801 0$aIT$bUNIPARTHENOPE$c20180509$gRICA$2UNIMARC 912 $a000031868 951 $a617-M/1$b46949$cNAVA1$d2018 996 $aManuale di medicina dello sport: con elementi di traumatologia e pronto soccorso per gli studenti di scienze motorie$91511271 997 $aUNIPARTHENOPE LEADER 01348nam 2200373Ia 450 001 996388007603316 005 20221108015138.0 035 $a(CKB)1000000000623590 035 $a(EEBO)2240867454 035 $a(OCoLC)52614810 035 $a(EXLCZ)991000000000623590 100 $a20030715d1683 uy 0 101 0 $aeng 135 $aurbn||||a|bb| 200 10$aOtes's remonstrance$b[electronic resource] $e For the right honourable Sir Leoline Jenkins knight his Majesties principal secretary of state of Whitehall 210 $a[London $cs.n.$d1683/4] 215 $a1 sheet ([1] p.) 300 $aCaption title. 300 $aPlace and date of publication suggested by Wing (2nd ed.). 300 $aImperfect: print show-through with loss of text. 300 $aReproduction of original in: National Library of Scotland. 330 $aeebo-0097 606 $aPopish Plot, 1678$vEarly works to 1800 607 $aGreat Britain$xHistory$yCharles II, 1660-1685$vEarly works to 1800 608 $aBroadsides$zEngland$y17th century.$2rbgenr 615 0$aPopish Plot, 1678 700 $aOates$b Titus$f1649-1705.$01001398 701 $aJenkins$b Leoline$cSir,$f1623-1685.$01004842 801 0$bEAE 801 1$bEAE 906 $aBOOK 912 $a996388007603316 996 $aOtes's remonstrance$92396484 997 $aUNISA